00418nam a2200133 a 450000100100000000500170001000800410002704000250006808200140009310000310010724500700013826000540020830000220026200003463520200930073817.0111011s1945 ve 000 0 spa d aDO-SdBNPbspacBNPHU axxxbA4731 aÁlvarez Savignón, Dora10aVoces eternas :b18 poemas en prosa /cDora Álvarez Savignón. aCaracas, Venezuela :bEditorial Álvarez,c1945. a[84 p.] ;c16 cm.